Wszystkie postacie z bajki SpongeBob Kanciastoporty - Statystyki

Ogólne statystyki
  • Ten quiz został rozwiązany 676 razy
  • Średni wynik to 10 z 16
Statystyki odpowiedzi
Obrazkowy Odpowiedź % Poprawnych
Patryk
99%
Skalmar
97%
Pan Krab
96%
SpongeBob
96%
Plankton
90%
Gacuś
84%
Pani Puff
64%
Karen
55%
Perła
53%
Larry
50%
Neptun
39%
Sandy Pysia
39%
Skorupin
32%
Latający Holender
28%
Syrenaman
26%
Man Ray
16%
Nie znaleziono quizów pasujących do podanych kryteriów
Rozkład punktacji
Procent ludzi z każdym wynikiem
Percentyl według liczby udzielonych odpowiedzi
Twoja historia wyników
Nie rozwiązałeś tego quizu